Maximum leadership : (Record no. 591578)

000 -LEADER
fixed length control field 01038cam a2200289 a 4500
001 - CONTROL NUMBER
control field 1144714
005 - DATE AND TIME OF LATEST TRANSACTION
control field 20221010093707.0
008 - FIXED-LENGTH DATA ELEMENTS--GENERAL INFORMATION
fixed length control field 950731s1996 nyu 001 0 eng
010 ## - LIBRARY OF CONGRESS CONTROL NUMBER
LC control number 95037705
020 ## - INTERNATIONAL STANDARD BOOK NUMBER
International Standard Book Number 0805041516 :
Terms of availability $25.00
040 ## - CATALOGING SOURCE
Original cataloging agency DLC
Transcribing agency DLC
Modifying agency DLC
050 00 - LIBRARY OF CONGRESS CALL NUMBER
Classification number HD57.7
Item number .F37 1996
082 00 - DEWEY DECIMAL CLASSIFICATION NUMBER
Classification number 658.4092
Author Mark FAR
100 1# - MAIN ENTRY--PERSONAL NAME
Personal name Farkas, Charles M.
9 (RLIN) 99562
245 10 - TITLE STATEMENT
Title Maximum leadership :
Remainder of title the world's leading CEOs share their five strategies for success /
Statement of responsibility, etc. Charles M. Farkas and Philippe de Backer.
250 ## - EDITION STATEMENT
Edition statement 1st ed.
260 ## - PUBLICATION, DISTRIBUTION, ETC.
Place of publication, distribution, etc. New York :
Name of publisher, distributor, etc. Henry Holt,
Date of publication, distribution, etc. 1996.
300 ## - PHYSICAL DESCRIPTION
Extent xvi, 287 p. ;
Dimensions 23 cm.
500 ## - GENERAL NOTE
General note Includes index.
650 #0 - SUBJECT ADDED ENTRY--TOPICAL TERM
Topical term or geographic name entry element Leadership.
650 #0 - SUBJECT ADDED ENTRY--TOPICAL TERM
Topical term or geographic name entry element Success in business.
650 #0 - SUBJECT ADDED ENTRY--TOPICAL TERM
Topical term or geographic name entry element Chief executive officers
General subdivision Attitudes.
9 (RLIN) 99563
700 1# - ADDED ENTRY--PERSONAL NAME
Personal name Backer, Philippe de.
9 (RLIN) 99564
906 ## - LOCAL DATA ELEMENT F, LDF (RLIN)
a 7
b cbc
c orignew
d 1
e ocip
f 19
g y-gencatlg
942 ## - ADDED ENTRY ELEMENTS (KOHA)
Source of classification or shelving scheme
Koha item type Book
Holdings
Withdrawn status Lost status Source of classification or shelving scheme Damaged status Not for loan Permanent Location Current Location Shelving location Date acquired Source of acquisition Total Checkouts Full call number Barcode Date last seen Price effective from Koha item type
          Central Library (CL) Central Library (CL) Chinese Studies 10/10/2022 Donated by China Embassy   658.4092 FAR CL-D-1917 10/10/2022 10/10/2022 Book
© 2023 Central Library, National University of Sciences and Technology. All Rights Reserved.